000 00386nam 22001573 4500
001 32603
010 _a0-87872-218-1
090 _a32603
100 _a20260318d u||y0pory50 ba
101 _aeng
200 _aTime Series and Forecasting
_fBruce L. Bowerman
_gRichard T. O'Connell
215 _a205 p.
_d23 cm
317 _5IM
606 _xPrevisão Numérica
_923786
801 _gISBD
942 _n0